书目信息 |
| 题名: |
汽车四轮定位基础教程
|
|
| 作者: | 陆耀迪 主编 | |
| 分册: | ||
| 出版信息: | 北京 机械工业出版社 2016.06 |
|
| 页数: | 195页 | |
| 开本: | 26cm | |
| 丛书名: | ||
| 单 册: | ||
| 中图分类: | U463.34 | |
| 科图分类: | ||
| 主题词: | 汽车--车轮--定位--教材 | |
| 电子资源: | ||
| ISBN: | 978-7-111-53489-1 | |
| 000 | 01066nam0 2200253 450 | |
| 001 | 5231 | |
| 005 | 20181016164835.79 | |
| 010 | @a978-7-111-53489-1@dCNY39.90 | |
| 100 | @a20160826d2016 em y0chiy50 ea | |
| 101 | 0 | @achi |
| 102 | @aCN@b110000 | |
| 105 | @aa z 000yy | |
| 200 | 1 | @a汽车四轮定位基础教程@9qi che si lun ding wei ji chu jiao cheng@f陆耀迪主编 |
| 205 | @a2版 | |
| 210 | @a北京@c机械工业出版社@d2016.06 | |
| 215 | @a195页@c图@d26cm | |
| 312 | @a封面英文题名:Fundamentals of automobile alignment | |
| 330 | @a本书着眼于现代汽车四轮定位的基础知识,重视实践。全书包括汽车底盘及悬架系统基础知识、轮胎与车轮定位、四轮定位基础知识、科学四轮定位、四轮定位专用零件及工具、汽车定位故障诊断、四轮定位调整案例、四轮定位仪的选择及四轮定位的经营技巧等8章,每章力求涉及从业人员最关心的问题。书末配有附录,便于读者查找相关知识。 | |
| 510 | 1 | @aFundamentals of automobile alignment@zeng |
| 606 | 0 | @a汽车@x车轮@x定位@j教材 |
| 690 | @aU463.34@v5 | |
| 701 | 0 | @a陆耀迪@9lu yao di@4主编 |
| 801 | 0 | @aCN@b91MARC@c20160826 |
| 905 | @aMuseLib@dU463.34@e791=2 | |
| 汽车四轮定位基础教程/陆耀迪主编.-2版.-北京:机械工业出版社,2016.06 |
| 195页:图;26cm |
| ISBN 978-7-111-53489-1:CNY39.90 |
| 本书着眼于现代汽车四轮定位的基础知识,重视实践。全书包括汽车底盘及悬架系统基础知识、轮胎与车轮定位、四轮定位基础知识、科学四轮定位、四轮定位专用零件及工具、汽车定位故障诊断、四轮定位调整案例、四轮定位仪的选择及四轮定位的经营技巧等8章,每章力求涉及从业人员最关心的问题。书末配有附录,便于读者查找相关知识。 |
| ● |
| 相关链接 |
|
|
|
|
正题名:汽车四轮定位基础教程
索取号:U463.34/791=2
 
预约/预借
| 序号 | 登录号 | 条形码 | 馆藏地/架位号 | 状态 | 备注 |
| 1 | 1128724 | 211287249 | 第二样本阅览室/ [索取号:U463.34/791=2] | 在馆 | |
| 2 | 1128725 | 211287258 | 第三借阅区/ [索取号:U463.34/791=2] | 在馆 | |
| 3 | 1128726 | 211287267 | 第三借阅区/ [索取号:U463.34/791=2] | 在馆 | |
| 4 | 1128727 | 211287276 | 第三借阅区/ [索取号:U463.34/791=2] | 在馆 | |
| 5 | 1128728 | 211287285 | 物理系资料室/ [索取号:U463.34/791=2] | 在馆 |